|
|
|
|
| LEADER |
01296nam a2200361 a 4500 |
| 001 |
45 |
| 003 |
BD-DhAAL |
| 005 |
20150907121507.0 |
| 008 |
150907s2001 nyuab b 001 0 eng |
| 010 |
|
|
|a 99087019
|
| 020 |
|
|
|a 0321071042
|
| 020 |
|
|
|a 0065010566 (v.1)
|
| 020 |
|
|
|a 0321125630 (v. 1)
|
| 020 |
|
|
|a 0065010574 (v. 2)
|
| 020 |
|
|
|a 0321125649 (v. 2)
|
| 035 |
|
|
|a (OCoLC)43114271
|
| 035 |
|
|
|a (OCoLC)52761523
|
| 040 |
|
|
|a DLC
|c DLC
|d OKS
|d OCLCQ
|d MYG
|d BD-DhAAL
|
| 050 |
0 |
0 |
|a E178.1.A49355 2001
|
| 082 |
0 |
0 |
|a 973
|2 21
|
| 245 |
0 |
4 |
|a The American people :
|b creating a nation and a society /
|c general editors, Gary B. Nash ... [et al.].
|
| 250 |
|
|
|a 3rd ed.
|
| 260 |
|
|
|a New York :
|b Harper Collins College Publishers,
|b Longman,
|c c1994.
|
| 300 |
|
|
|a v. <1- > :
|b ill. (some col.), maps (some col.) ;
|c 29 cm. +
|
| 500 |
|
|
|a Time line on folded sheet in pocket.
|
| 504 |
|
|
|a Includes bibliographical references and index.
|
| 505 |
1 |
|
|a v. 1. To 1877.
|
| 541 |
|
|
|e 45
|
| 651 |
|
0 |
|a United States
|x History.
|9 14423
|
| 700 |
1 |
|
|a Nash, Gary B.
|9 11157
|
| 942 |
|
|
|2 ddc
|c BK
|
| 999 |
|
|
|c 35448
|d 35448
|
| 952 |
|
|
|0 0
|1 0
|2 ddc
|4 0
|6 973_000000000000000_AME
|7 0
|9 55743
|a SCL
|b SCL
|c GEN
|d 2015-09-07
|e Gift: The Asia Foundation
|l 1
|o 973 AME
|p 3020000045
|r 2022-08-23
|s 2022-05-22
|t 1
|w 2015-09-07
|y BK
|